000 01193nam a2200313 c 4500
999 _c50807
_d50807
003 BLK
005 20240427114617.0
008 180408b bul|||||r ||||||| ||bul||
010 _aKNG00054689000
040 _aBLK
041 _aBUL
_cBUL
080 _aАнглийска литература
_b821.111
_x-31
_z821.111-31
100 1 _aФорстър, Едуард Морган
_eпърви автор
_9283467
139 _aФорстър, Едуард Морган
_bФ 71
245 1 0 _aХауардс енд
_bРоман
_cЕдуард Морган Форстър; прев. от англ. Божидар Стойков.
257 _aGBR
260 _aПловдив
_bХристо Г. Данов
_c1984
_fСофия : печ. Г. Димитров
300 _a352 с.
_c20 см
380 _aX
500 _aОриг. загл. Howards end / Edward Morgan Forster
700 1 _aСтойков, Божидар
_eпрев. от англ.
_9248157
852 _aЦб 128084
856 4 _qpdf
_i0.00
_ldisable
856 4 _qpdf
_i0.00
_ldisable
942 _cKNG
_n0
_03
_s1
944 _aCR
_c13.07.2005
_k30556
_lТеодора Пейчева-Дянкова
944 _aED
_c22.07.2005
999 _d50807